Cardio-Pulmonary Bypass / (Record no. 247144)

MARC details
000 -LEADER
fixed length control field 00590nam a22001697a 4500
008 - FIXED-LENGTH DATA ELEMENTS--GENERAL INFORMATION
fixed length control field 240920b |||||||| |||| 00| 0 eng d
020 ## - INTERNATIONAL STANDARD BOOK NUMBER
International Standard Book Number 9781461275572
082 ## - DEWEY DECIMAL CLASSIFICATION NUMBER
Classification number 617.412059
100 ## - MAIN ENTRY--PERSONAL NAME
Personal name Mora, Christina T
245 ## - TITLE STATEMENT
Title Cardio-Pulmonary Bypass /
Remainder of title Principles and Techniques of Extra Corporeal Circulation :
Statement of responsibility, etc Editor, Christina T. Mora, Robert A. Guyton, Donald C. Finlayson, Richars L. Rigatti
250 ## - EDITION STATEMENT
Edition statement 1st
260 ## - PUBLICATION, DISTRIBUTION, ETC. (IMPRINT)
Place of publication, distribution, etc New York
Name of publisher, distributor, etc Springer-Verlag
Date of publication, distribution, etc 1995
650 #0 - SUBJECT ADDED ENTRY--TOPICAL TERM
Topical term or geographic name as entry element Cardiac Care Technology
Form subdivision Allied Health Science
942 ## - ADDED ENTRY ELEMENTS (KOHA)
Item type Books
Holdings
Withdrawn status Lost status Damaged status Permanent location Current location Shelving location Date acquired Cost, normal purchase price Full call number Barcode Date last seen Koha item type
      CENTRAL LIBRARY, NOORUL ISLAM CENTRE FOR HIGHER EDUCATION CENTRAL LIBRARY, NOORUL ISLAM CENTRE FOR HIGHER EDUCATION Reference 07/02/2024 14236.00 617.412059 N5 83409 09/20/2024 Books
Visitors:
Copyright © 2024 Central Library NICHE.  All rights reserved.